000 00471nam a2200193 a 4500
001 1772189679236
003 YourLibrary
005 20260227162635.0
008 260227s1998##################000#0#eng##
020 _a9780195116656
082 0 4 _a323.420973
_bDEV
100 1 _aDevins, Neal,
_eauthor.
245 1 0 _aRedefining Equality :
260 _c1998.
300 _a256 pages
650 0 _aHistory.
942 _cENGLISH
040 _aYourLibrary
_beng
_cYourLibrary
999 _c616053
_d616053